Democratic dilemma : (Record no. 30657)

MARC details
000 -LEADER
fixed length control field 00982nam a22002534a 4500
005 - DATE AND TIME OF LATEST TRANSACTION
control field 20090924121131.0
008 - FIXED-LENGTH DATA ELEMENTS--GENERAL INFORMATION
fixed length control field 071102s2008 ii b 001 0 eng
010 ## - LCCN (DPL NO)
LC control number ENG-95037
020 ## - INTERNATIONAL STANDARD BOOK NUMBER
International Standard Book Number 9788187374503
Terms of availability 450.00
035 ## - SYSTEM CONTROL NUMBER
System control number EN-78570
037 ## - SOURCE OF ACQUISITION
Source of stock number/acquisition DBAD / PUB
040 ## - CATALOGING SOURCE
Original cataloging agency dpl
Language of cataloging English
082 ## - DEWEY DECIMAL CLASSIFICATION NUMBER
Classification number 323.15493
100 ## - MAIN ENTRY--PERSONAL NAME
Personal name Manoharan, N.
Fuller form of name (Nagaioh)
245 ## - TITLE STATEMENT
Title Democratic dilemma :
Remainder of title ethnic violence and human rights in Sri Lanka /
Statement of responsibility, etc by N. Manoharan
260 ## - PUBLICATION, DISTRIBUTION, ETC. (IMPRINT)
Place of publication, distribution, etc New Delhi
Name of publisher, distributor, etc Samskriti
Date of publication, distribution, etc 2008
270 ## - ADDRESS
Address C-9020, Vasant Kunj
City New Delhi
Postal code 110070
300 ## - PHYSICAL DESCRIPTION
Extent xxv, 279 p.
Dimensions 22cm(pbk)
500 ## - GENERAL NOTE
General note Includes bibliographical references and index.
650 ## - SUBJECT ADDED ENTRY--TOPICAL TERM
Topical term or geographic name as entry element Human rights
Geographic subdivision Sri Lanka.
650 ## - SUBJECT ADDED ENTRY--TOPICAL TERM
Topical term or geographic name as entry element Ethnic conflict
Geographic subdivision Sri Lanka.
942 ## - ADDED ENTRY ELEMENTS (KOHA)
Source of classification or shelving scheme Dewey Decimal Classification
Item type English Books
Call number suffix MAN
Classification part 323.15493
Holdings
Withdrawn status Lost status Source of classification or shelving scheme Damaged status Not for loan Collection code Home library Current library Date acquired Source of acquisition Cost, normal purchase price Total Checkouts Full call number Barcode Date last seen Copy number Cost, replacement price Koha item type
    Dewey Decimal Classification   Not For Loan Non-fiction D.B.Act.Division D.B.Act.Division 24/09/2009 DBAD / PUB 450.00   323.15493 MAN EN-78570 24/09/2009 1 450.00 English Books

© Delhi Public Library
Hit Counter
free hit counter